TESOL techniques and procedures / (Record no. 42829)
[ view plain ]
| 000 -LEADER | |
|---|---|
| fixed length control field | 00641pam a2200229 a 4500 |
| 001 - CONTROL NUMBER | |
| control field | 4260860 |
| 005 - DATE AND TIME OF LATEST TRANSACTION | |
| control field | 20180216081059.0 |
| 008 - FIXED-LENGTH DATA ELEMENTS--GENERAL INFORMATION | |
| fixed length control field | 841129s1985 mau b 001 0 eng |
| 010 ## - LIBRARY OF CONGRESS CONTROL NUMBER | |
| LC control number | 84027293 |
| 020 ## - INTERNATIONAL STANDARD BOOK NUMBER | |
| International Standard Book Number | 0883772914 (pbk.) |
| 040 ## - CATALOGING SOURCE | |
| Original cataloging agency | DLC |
| Transcribing agency | DLC |
| Modifying agency | DLC |
| 041 ## - LANGUAGE CODE | |
| Language code of text/sound track or separate title | eng |
| 080 ## - UNIVERSAL DECIMAL CLASSIFICATION NUMBER | |
| Universal Decimal Classification number | 428.007 |
| 082 00 - DEWEY DECIMAL CLASSIFICATION NUMBER | |
| Classification number | 428.007 BOW |
| Edition number | 19 |
| 100 1# - Rafti | |
| Rafti | 46 |
| 101 ## - Shkurtesa | |
| Shkurtesa | EDU |
| 245 10 - TITLE STATEMENT | |
| Title | TESOL techniques and procedures / |
| Statement of responsibility, etc | J. Donald Bowen, Harold Madsen, Ann Hilferty. |
| 504 ## - BIBLIOGRAPHY, ETC. NOTE | |
| Bibliography, etc | Bibliography: p. [392]-405. |
| 740 0# - ADDED ENTRY--UNCONTROLLED RELATED/ANALYTICAL TITLE | |
| Uncontrolled related/analytical title | T.E.S.O.L. techniques and procedures. |
| 906 ## - LOCAL DATA ELEMENT F, LDF (RLIN) | |
| a | 7 |
| b | cbc |
| c | orignew |
| d | 1 |
| e | ocip |
| f | 19 |
| g | y-gencatlg |
| 942 ## - ADDED ENTRY ELEMENTS (KOHA) | |
| Source of classification or shelving scheme | |
| Item type | Books |
No items available.